000 00316nam a22001337a 4500
020 _a978-1-4052-2855-8
082 _a823
_bBLY/M
100 _aENID BLYTON
245 _aTHE MAGIC FARAWAY TREE
260 _aGREAT BRITAIN
_bEGMONT
_c1943
300 _a214
650 _aCHILDREN'S STORY BOOK
_zUNITED KINGDOM
942 _cBK
999 _c169
_d169